Statistics for Taylor Swift Songs

Click here to take the quiz!

General Stats

  • This quiz has been taken 299 times
  • The average score is 10 of 15

Answer Stats

Hint Answer % Correct
Also used as 4th album titleRed
92%
Titled after famous country starTim McGraw
87%
Made for the Hunger Games and features The Civil WarsSafe and Sound
79%
Written about John MayerDear John
76%
Rumoured to be written about Katy PerryBad Blood
76%
First pop singleShake It Off
73%
Lucas Till stars in the music videoYou Belong With Me
70%
Rumoured to be written about Taylor LautnerBack to December
69%
Music video is filmed in ParisBegin Again
58%
Won two Grammy's, for 'Best Country Song" and "Best Country Solo Perfomance'Mean
56%
Written about Kanye West & his VMA interruptionInnocent
51%
Rumoured to be written about a snowmobile accidentOut Of The Woods
51%
Performed at the Grammy's in 2014All Too Well
45%
Titled about a certain coloured animalWhite Horse
42%
Written about a friend with an eating disorderTied Together With A Smile
29%

Score Distribution

Percentile by Number Answered

Percent of People with Each Score

Your Score History

You have not taken this quiz